1892 1177 1529 1724 1646 1273 1937 1578 1632 1788 1395 1007 1223 1863 1381 1183 1056 1081 1317 1276 1637 1616 1842 1791 1404 1358 1415 1928 1673 1582 1046 1327 1126 1688 1213 1407 1513 1425 1215 1829 1795 1418 1553 1847 1136 1280 1193 1285 1015 1764 1937 1079 1192 1806 1720 1026 1821 1723 1790 1600 1999 1108 1487 1512 1367 1732 1446 1754 1316 1045 1193 1550 1516 1389 1844 1231 1869 1033 1734 1859 1822 1405 1402 1906 1718 1755 1023 1927 1578 1846 1304 1263 1418 1529 1844 1252 1979 1933 1816 BCNSPRNW ULIB Ver.6.0+V

เปลี่ยนเป็นภาษาไทย

Change to English
 แสดงรายละเอียดบรรณานุกรม
  กลับหน้าหลัก

Brief Record : Get Marc (ISO 2709) : E-mail record : QR code < ปิดหน้าต่าง
LEADER : 00000nam 2200000uu 4500
001    13399124781
003     ULIB
008    160323s2014||||th 000 0 eng d
020    ^a9781451189759
060  0 ^aWY106^bA425C
100 0  ^aAllender, Judith Ann
245 00 ^aCommunity and Public Health Nursing : Promoting the Public^'s Health /^cAllender, Judith Ann
250    ^a8 th.ed. (31 ม.ค.57)
260    ^aPhiladelphia :^bWolters Kluwer/Lippincott Williams & Wilkins,^c2014
300    ^a1086 p. :^bIllus ; Table ;^c27.5 ซม.
650  0 ^aCommunity Health Nursing
650  0 ^aPublic Health Nursing
700 1  ^aRector, Cherie
700 1  ^aWarner, Kristine
945    ^p3000^l0^i000330
999    ^aเกษร โพธิ์สุวรรณ
รายการนี้ยังไม่มีแท็ก
คุณยังไม่ได้ล็อกอิน คุณสามารถมีกิจกรรมร่วมกับเว็บไซต์ได้ แต่ต้องล็อกอินก่อน ::
  ล็อกอิน

รายการสื่อสารสนเทศ

ลำดับที่ ประเภท เลขเรียก/บาร์โค้ด สถานที่ สถานะ
1. Book การพยาบาล
Book การพยาบาล
WY106 A425C ฉ.1 
  Barcode: 000330
ห้องสมุดวิทยาเขตสวรรค์ประชารักษ์
►หนังสือทั่วไป
บนชั้น

รายการใกล้เคียง
    หัวเรื่อง [Community Health Nursing]
    หัวเรื่อง [Public Health Nursing]

BibComment


ยังไม่เคยถูกคอมเมนท์

คอมเมนท์ทรัพยากรรายการนี้
  คอมเมนท์: Community and Pu..


 Copyright 2026. Bcnsprnw @Library